| 000 | 01180cad a22002175a 4500 | ||
|---|---|---|---|
| 001 | L124871 | ||
| 008 | 040120s2003 xxk l f000 0 eng u | ||
| 020 | _a0110472891 | ||
| 035 | _a(Sirsi) u124871 | ||
| 041 | _aeng | ||
| 245 | 0 | 0 |
_aLocal Authorities (Calculation of Council Tax Base)(Amendment)(England) No 2 Regulations 2003 _h[electronic resource] |
| 260 |
_aLondon _bHMSO _c2003 |
||
| 500 |
_aSI _v2003: 3181 |
||
| 520 | _aCame into force 20 December 2003. Amend the Local Authorities (Calculation of Council Tax Base) Regulations 1992 Reg 6 to ensure that the relevant day for the purposes of Reg 5AA is 20 December for the financial year beginning on 1 April 2004 where item TP in s34(4) is determined in the period 21 December 2003 to 31 January 2004. View at www.legislation.hmso.gov.uk/si. | ||
| 650 | _aLOCAL AUTHORITIES (CALCULATION OF COUNCIL TAX BASE) (AMENDMENT) (ENGLAND) REGULATIONS 2003 | ||
| 650 | _aLOCAL AUTHORITIES (CALCULATION OF COUNCIL TAX BASE) REGULATIONS 1992 | ||
| 650 | _aCOUNCIL TAX | ||
| 690 | _aTAXATION | ||
| 856 | 4 | 0 |
_uhttps://www.legislation.gov.uk/uksi/2003/3181/contents/made _zView the Regulations on the HMSO website... |
| 942 | _n0 | ||
| 999 |
_c103303 _d103303 |
||